Statistics for Chopin Quiz

Click here to take the quiz!

General Stats

  • This quiz has been taken 56 times
  • The average score is 2 of 9

Answer Stats

Hint Answer % Correct
NationalityPolish
96%
Location of DeathParis
63%
FatherNicolas Chopin
8%
Arrived in Paris (month and year)September 1831
2%
Date of Death17 October 1849
2%
First compositionPolonaise in G minor
0%
Chopin's schooling from 1823-1826Warsaw Lyceum
0%
Schooling from 1826-1829Warsaw Conservatorium
0%
Debut Paris Concert (day month year)26 February 1832
0%

Score Distribution

Percentile by Number Answered

Percent of People with Each Score

Your Score History

You have not taken this quiz